| 000 | 00819nam a2200277Ia 4500 | ||
|---|---|---|---|
| 003 | OSt | ||
| 005 | 20220930094349.0 | ||
| 006 | a|||||r|||| 00| 0 | ||
| 007 | ta | ||
| 008 | 220926b |||||||| |||| 00| 0 urd d | ||
| 024 | _a71568 | ||
| 037 | _cTheses | ||
| 040 |
_aCRL _cCRL _burd |
||
| 041 |
_2urd _aurd |
||
| 100 |
_aAhmad Shahnawaz Au. _9555303 |
||
| 110 |
_aUniversity of Delhi. Faculty of Arts. Dept. of Urdu _9555304 |
||
| 245 | 0 | _aJadeed urdu novel ka samajeeyati motala | |
| 260 | _c2021 | ||
| 300 |
_a338p. _ap. _ccm. |
||
| 650 | _a Urdu Literature | ||
| 650 |
_aUrdu Fiction _93298 |
||
| 700 |
_a Kazim Mohammad Gu. _9544548 |
||
| 700 |
_aUniversity of Delhi. Faculty of Arts. Dept. of Urdu _9555305 |
||
| 942 |
_cDIS _2CC |
||
| 999 |
_c887001 _d887001 |
||